Normal view
MARC view
- Koegler, Scott
Entry Personal Name
001 - CONTROL NUMBER
- control field: 106981
003 - CONTROL NUMBER IDENTIFIER
- control field: NUST
005 - DATE AND TIME OF LATEST TRANSACTION
- control field: 20230118125236.0
008 - FIXED-LENGTH DATA ELEMENTS
- fixed length control field: 230118|| aca||aabn | a|a d
040 ## - CATALOGING SOURCE
- Original cataloging agency: NUST
- Transcribing agency: NUST
100 ## - HEADING--PERSONAL NAME
- Personal name: Koegler, Scott
670 ## - SOURCE DATA FOUND
- Source citation: Work cat.: (NUST)176419: Koegler, Scott,, Multisite systems integration /, c1995.
